The cheat / (Record no. 2469)

MARC details
000 -LEADER
fixed length control field 00885cam a2200277 a 4500
005 - DATE AND TIME OF LATEST TRANSACTION
control field 20231211112335.0
020 ## - INTERNATIONAL STANDARD BOOK NUMBER
International Standard Book Number 0803727941
020 ## - INTERNATIONAL STANDARD BOOK NUMBER
International Standard Book Number 9780439701792
040 ## - CATALOGING SOURCE
Original cataloging agency DLC
Transcribing agency DLC
Modifying agency DLC
Language of cataloging eng
050 00 - LIBRARY OF CONGRESS CALL NUMBER
Classification number PZ7.K8527
Item number Ch 2003
082 00 - DEWEY DECIMAL CLASSIFICATION NUMBER
Classification number 303
Edition number 21
100 1# - MAIN ENTRY--PERSONAL NAME
Personal name Koss, Amy Goldman
Dates associated with a name 1954-
245 14 - TITLE STATEMENT
Title The cheat /
Statement of responsibility, etc. Amy Goldman Koss
250 ## - EDITION STATEMENT
Edition statement First Scholastic printing, October 2004
260 ## - PUBLICATION, DISTRIBUTION, ETC.
Place of publication, distribution, etc. New York :
Name of publisher, distributor, etc. Scholastic,
Date of publication, distribution, etc. 2003
300 ## - PHYSICAL DESCRIPTION
Extent 176 pages :
Dimensions 22 cm
505 ## - FORMATTED CONTENTS NOTE
Formatted contents note M
520 ## - SUMMARY, ETC.
Summary, etc. When Sarah gets her hands on the answers to the eighth-grade geography midterm and decides to share them with some other students, the consequences are far-ranging.
521 ## - TARGET AUDIENCE NOTE
Target audience note 620
Source Lexile
521 ## - TARGET AUDIENCE NOTE
Target audience note M
Source Raz-Plus
650 #1 - SUBJECT ADDED ENTRY--TOPICAL TERM
Topical term or geographic name entry element Cheating
Form subdivision Fiction.
650 #1 - SUBJECT ADDED ENTRY--TOPICAL TERM
Topical term or geographic name entry element Schools
Form subdivision Fiction.
906 ## - LOCAL DATA ELEMENT F, LDF (RLIN)
a 7
b cbc
c orignew
d 1
e ocip
f 20
g y-gencatlg
942 ## - ADDED ENTRY ELEMENTS (KOHA)
Source of classification or shelving scheme Dewey Decimal Classification
Koha item type Books
Suppress in OPAC No
999 ## -
-- 2469
-- 2469
Holdings
Withdrawn status Lost status Source of classification or shelving scheme Damaged status Not for loan Collection Home library Current library Shelving location Date acquired Total Checkouts Full call number Barcode Date last seen Date last checked out Price effective from Koha item type
    Dewey Decimal Classification     Fiction Footprints International School Library Network Toul Kork Campus Footprints International School Library Network Toul Kork Campus   12/11/2023 1 KOS 303 PZ7.K8527 FIS00972 12/11/2023 12/11/2023 12/11/2023 Books